| 000 | 00950cam a2200217 4500 | ||
|---|---|---|---|
| 001 | ABS66354 | ||
| 008 | 030203n2003 000 0 eng u | ||
| 035 | _a(Sirsi) u121211 | ||
| 100 | _aGoulding, J. | ||
| 245 | _aRisk management for registered social landlords in England | ||
| 260 | _c2003 | ||
| 490 |
_aHousing _vDecember/January 2003, 44-45(2) |
||
| 520 | _aProvides a definition of risk and risk management for registered social landlords (RSLs), and looks at the Housing Corporation's (HC) regulatory code and guidance. Outlines the risk management process and give details of HC's advisory publications on risk management. Concludes that risk assessment will become an increasingly important activity for RSLs. References. | ||
| 590 | _aABS | ||
| 650 | _aHOUSING CORPORATION | ||
| 650 | _aRISK MANAGEMENT | ||
| 650 | _aRISK ASSESSMENT | ||
| 650 | _aREGISTERED SOCIAL LANDLORDS | ||
| 690 |
_aAffordable housing _96215 |
||
| 942 | _n0 | ||
| 999 |
_c72031 _d72031 |
||